|
|
|
|
| LEADER |
01221pam a22003138a 4500 |
| 001 |
00032927 |
| 005 |
20171026081025.0 |
| 008 |
141225s2013 ||||||viesd |
| 020 |
# |
# |
|c 113000
|
| 041 |
0 |
# |
|a vie
|
| 082 |
1 |
4 |
|a 495.922 8
|b T306V
|
| 100 |
1 |
# |
|a Đoàn, Thiện Thuật
|e Chủ biên
|
| 245 |
1 |
0 |
|c Đoàn Thiện Thuật (ch.b)
|a Tiếng Việt trình độ A
|n Tập 1
|b Sách dành cho người nước ngoài
|
| 250 |
# |
# |
|a Tái bản lần thứ bảy
|b Có sửa chửa
|
| 260 |
# |
# |
|a Hà Nội
|b Thế giới
|c 2013
|
| 300 |
# |
# |
|a 232 tr.
|b minh họa
|c 30 cm.
|
| 500 |
# |
# |
|a ĐTTS ghi: Đại học Quốc gia Hà Nội. Viện Việt Nam học và Khoa học phát triển
|
| 653 |
# |
# |
|a Ngôn ngữ
|
| 653 |
# |
# |
|a Vietnamese
|
| 653 |
# |
# |
|a Tiếng Việt
|
| 653 |
# |
# |
|a Thực hành
|
| 852 |
# |
# |
|b Kho giáo trình
|j KGT.0048363, KGT.0048364, KGT.0048365
|
| 852 |
# |
# |
|b Kho đọc
|j KD.0016463
|
| 852 |
# |
# |
|j KGT.0048364
|j KGT.0048365
|j KD.0016463
|j KGT.0048363
|
| 852 |
# |
# |
|j KGT.0048363
|b Kho mượn
|
| 910 |
|
|
|d 25/12/2014
|
| 980 |
# |
# |
|a Trung tâm Học liệu Lê Vũ Hùng, Trường Đại học Đồng Tháp
|